banner-ar

مشروع حملة محمد على على الجزائر ( 1829 - 1830 ) : (Record no. 61948)

MARC details
000 -الفاتح
حقل البيانات ثابتة الطول 01251nam a22002657a 4500
005 - وقت وتاريخ اخر تعامل مع التسجيلة
رقم الضبط 20240530110524.0
008 - عناصر البيانات ثابتة الطول - معلومات عامة
حقل البيانات ثابتة الطول 160224s2010 ua g | 000 0dara d
017 ## - رقم الايداع القانونى
رقم الايداع القانونى 2009/14165
المصدر ( الهيئة المختصة) مصر . دار الكتب المصرية
020 ## - الرقم الدولى المعيارى للكتب
الرقم الدولى المعيارى للكتاب 9789774794752
040 ## - مصدر الفهرسة
وكالة الفهرسة الأصلية EG-CaGPL
082 04 - رقم تصنيف ديوى العشرى
رقم الطبعة 21
رقم التصنيف 962.031
رقم المادة ق/د م
100 1# - المدخل الرئيسى - إسم شخصى
الإسم الشخصى داون ، القومندان جورج
245 10 - بيان العنوان
العنوان مشروع حملة محمد على على الجزائر ( 1829 - 1830 ) :
بقية العنوان وثائق وزارة الخارجية الفرنسية /
بيان المسئوليه,etc اعداد القومندان جورج داون ؛ ترجمة عثمان مصطفى عثمان ؛ مراجعة عبدالرءوف احمد عمرو
250 ## - بيان الطبعة
بيان الطبعة ط1
260 ## - PUBLICATION, DISTRIBUTION, ETC. (IMPRINT)
تاريخ النشر أو التوزيع 2010 .
300 ## - الوصف المادى
التعداد 247 ص ؛
أبعاد الوعاء 24 سم .
490 ## - بيان السلسلة
عنوان السلسلة المشروع القومى للترجمة ؛
رقم المجلد/ التعيين التسلسلي 1470
600 04 - المدخل الاضافى بالموضوع-اسم شخصى
الإسم الشخصى محمد على
651 04 - المدخل الاضافى بالموضوع - اسم جغرافى
الاسم الجغرافي مصر
التقسيم الفرعي العام تاريج
التقسيم الفرعي الزمني العصر الحديث
-- عصر محمد على
651 04 - المدخل الاضافى بالموضوع - اسم جغرافى
الاسم الجغرافي الجزائر
التقسيم الفرعي العام حملة محمد على
700 0# - المدخل الاضافى - اسم شخصى
الإسم الشخصى عثمان مصطفى عثمان
الدور مترجم
700 0# - المدخل الاضافى - اسم شخصى
الإسم الشخصى عبدالرءوف احمد عمرو
الدور مراجع
942 ## - عناصر المدخل الإضافي( كوها)
مصدر التصنيف او مخطط الترفيف Dewey Decimal Classification
Koha [default] item type كتاب
260 ## - PUBLICATION, DISTRIBUTION, ETC. (IMPRINT)
-- القاهرة :
-- المركز القومى للترجمة ،
Holdings
حالة التراجع حالة الفقد حالة تلف ليس للاعارة المكان المؤقت الموقع الحالى تاريخ الاكتساب اجمالي اﻻعارات رقم الطلب الباركود تاريخ اخر مشاهدة تاريخ تفعيل السعر نوع وعاء كوها
        مكتبة القاهرة الكبرى مكتبة القاهرة الكبرى 02/24/2016   962.031 ق/د م 161405 02/24/2016 02/24/2016 كتاب

Powered By

EGPV